| 000 | 00429nab a2200145Ia 4500 | ||
|---|---|---|---|
| 003 | ES-SlBCS | ||
| 005 | 20210601124317.0 | ||
| 008 | 140529s1987 xxu||||| |||| 00| 0 eng d | ||
| 041 | _aeng | ||
| 100 | 1 |
_aMcclellan, James E. _9139388 |
|
| 245 | 0 | 0 |
_aCan Progressivism be Revived? _c James E. Mcclellan |
| 650 | 0 | 4 |
_aProgresismo _9139546 |
| 773 | 0 |
_tEducational Theory _gvol. 37, nº. 2, 1987, págs. 121-134 _wRev1399 |
|
| 942 | _cAR | ||
| 999 |
_c512721 _d512721 |
||